[Event "European Team Championship"]
[Site "Reykjavik ISL"]
[Date "2015.11.22"]
[EventDate "2015.11.13"]
[Round "9.2"]
[Result "1-0"]
[White "Vladislav Tkachiev"]
[Black "Sergei Tiviakov"]
[WhiteElo "2658"]
[BlackElo "2608"]
[PlyCount "53"]

1. Nf3 Nf6 2. c4 b6 3. g3 Bb7 4. Bg2 e6 5. O-O Be7 6. d4 O-O
7. d5 Na6 8. Nd4 exd5 9. Nc3 c6 10. cxd5 Nxd5 11. Nxd5 cxd5
12. Nf5 Bf6 13. Bxd5 Bc6 14. e4 Nb4 15. Re1 Bxd5 16. exd5 Rc8
17. Re4 a5 18. Bf4 Na6 19. Qg4 Nc5 20. Re3 g6 21. Bh6 Kh8
22. Nd6 Rb8 23. Rae1 Bg7 24. Bxg7+ Kxg7 25. Re7 Ne6 26. dxe6
dxe6 27. R1xe6 1-0

[Event "European Team Championship"]
[Site "Reykjavik ISL"]
[Date "2015.11.22"]
[EventDate "2015.11.13"]
[Round "9.5"]
[Result "1/2-1/2"]
[White "Viorel Iordachescu"]
[Black "Anton Korobov"]
[WhiteElo "2581"]
[BlackElo "2709"]
[PlyCount "75"]

1. e4 c5 2. Nf3 d6 3. Bb5+ Nd7 4. c3 Nf6 5. Qe2 a6 6. Ba4 b5
7. Bc2 Bb7 8. O-O g6 9. d4 Bg7 10. Re1 O-O 11. e5 dxe5
12. dxe5 Ng4 13. e6 Nde5 14. Nxe5 Nxe5 15. f4 Nc4 16. Nd2 Nxd2
17. exf7+ Rxf7 18. Bxd2 Qb6 19. Be4 Rd8 20. Rad1 Rd6 21. Bxb7
Qxb7 22. Be3 Rf5 23. Bf2 Bf8 24. g3 Rfd5 25. Rxd5 Qxd5 26. c4
bxc4 27. Rc1 Rb6 28. Qxc4 Qxc4 29. Rxc4 Rxb2 30. a3 e5
31. Bxc5 Bxc5+ 32. Rxc5 exf4 33. gxf4 Rb1+ 34. Kf2 Rb2+
35. Kg1 Rb1+ 36. Kf2 Rb2+ 37. Kg1 Rb1+ 38. Kf2 1/2-1/2

[Event "European Team Championship"]
[Site "Reykjavik ISL"]
[Date "2015.11.22"]
[EventDate "2015.11.13"]
[Round "9.5"]
[Result "1-0"]
[White "Alexander Areshchenko"]
[Black "Vladimir Hamitevici"]
[WhiteElo "2682"]
[BlackElo "2430"]
[PlyCount "59"]

1. e4 c5 2. Nf3 d6 3. d4 cxd4 4. Nxd4 Nf6 5. Nc3 a6 6. h3 e6
7. g4 Nfd7 8. g5 b5 9. a3 Bb7 10. h4 Be7 11. Be3 Nc6 12. Qd2
Rc8 13. Rh3 O-O 14. O-O-O Re8 15. Kb1 Bf8 16. h5 Nde5 17. h6
g6 18. f4 Nxd4 19. Bxd4 Nc4 20. Bxc4 Rxc4 21. Rd3 Qb8 22. b3
Rcc8 23. Bg7 Be7 24. f5 gxf5 25. exf5 exf5 26. Nd5 Bxd5
27. Rxd5 Rc5 28. Bb2 Rxd5 29. Qxd5 Bf8 30. g6 1-0

[Event "European Team Championship"]
[Site "Reykjavik ISL"]
[Date "2015.11.22"]
[EventDate "2015.11.13"]
[Round "9.6"]
[Result "0-1"]
[White "Frode Olav Olsen Urkedal"]
[Black "Mateusz Bartel"]
[WhiteElo "2505"]
[BlackElo "2624"]
[PlyCount "42"]

1. d4 Nf6 2. c4 b6 3. f3 Nc6 4. Nc3 e5 5. d5 Ne7 6. g3 Ng6
7. Nh3 Bc5 8. Nf2 O-O 9. Nd3 Bd4 10. Bd2 Re8 11. Bg2 c6 12. e4
b5 13. cxb5 cxd5 14. Nxd5 Nxd5 15. exd5 Bb7 16. Qb3 Rc8
17. Nf2 Rc5 18. Ne4 Bxd5 19. Qb4 Bxe4 20. fxe4 Nh4 21. Bh3 Qa8
0-1

[Event "European Team Championship"]
[Site "Reykjavik ISL"]
[Date "2015.11.22"]
[EventDate "2015.11.13"]
[Round "9.9"]
[Result "1/2-1/2"]
[White "Francisco Vallejo Pons"]
[Black "Alexey Shirov"]
[WhiteElo "2684"]
[BlackElo "2689"]
[PlyCount "55"]

1. d4 d5 2. c4 c6 3. Nc3 Nf6 4. e3 e6 5. Nf3 Nbd7 6. Bd3 dxc4
7. Bxc4 b5 8. Bd3 Bb7 9. O-O a6 10. e4 c5 11. d5 Qc7 12. dxe6
fxe6 13. Bc2 Bd6 14. Ng5 Nf8 15. f4 O-O-O 16. Qe2 h6 17. Nf3
Bxf4 18. e5 Bxf3 19. Qxf3 Bxe5 20. Qa8+ Kd7 21. Qxa6 Ke7
22. Kh1 Bxh2 23. Be3 Qe5 24. Rf3 Bg3 25. Kg1 Bh2+ 26. Kh1 Bg3
27. Kg1 Bh2+ 28. Kh1 1/2-1/2

[Event "European Team Championship"]
[Site "Reykjavik ISL"]
[Date "2015.11.22"]
[EventDate "2015.11.13"]
[Round "9.14"]
[Result "1/2-1/2"]
[White "Dragan Kosic"]
[Black "Dimitrios Mastrovasilis"]
[WhiteElo "2470"]
[BlackElo "2615"]
[PlyCount "63"]

1. d4 d5 2. Nf3 Nf6 3. c4 c6 4. cxd5 cxd5 5. Nc3 Nc6 6. Bf4 a6
7. e3 Bg4 8. h3 Bxf3 9. Qxf3 e6 10. Bd3 Bd6 11. Bg5 Be7
12. O-O O-O 13. Rac1 h6 14. Bh4 Rc8 15. Na4 Nd7 16. Bg3 b5
17. Nc3 Nb6 18. Qe2 Bd6 19. Bxd6 Qxd6 20. a4 b4 21. Nb1 a5
22. Bb5 Na7 23. Nd2 Rxc1 24. Rxc1 Rc8 25. Rxc8+ Nbxc8 26. Nb3
Qc7 27. Nc5 Nd6 28. Ba6 Nc6 29. Bb5 Nd8 30. Ba6 Nc6 31. Bb5
Nd8 32. Ba6 1/2-1/2

[Event "European Team Championship"]
[Site "Reykjavik ISL"]
[Date "2015.11.22"]
[EventDate "2015.11.13"]
[Round "9.14"]
[Result "1/2-1/2"]
[White "Blazo Kalezic"]
[Black "Ioannis Nikolaidis"]
[WhiteElo "2440"]
[BlackElo "2563"]
[PlyCount "68"]

1. e4 c6 2. d4 d5 3. Nd2 dxe4 4. Nxe4 Nd7 5. Ng5 Ngf6 6. Bc4
e6 7. Qe2 Nb6 8. Bd3 h6 9. N5f3 c5 10. dxc5 Na4 11. Ne5 Nxc5
12. Bb5+ Bd7 13. Nxd7 Ncxd7 14. Nf3 a6 15. Bxd7+ Nxd7 16. O-O
Qc7 17. b3 Be7 18. Bb2 Bf6 19. Bxf6 Nxf6 20. c4 O-O 21. Rfd1
Rfd8 22. Rxd8+ Rxd8 23. Rd1 Rxd1+ 24. Qxd1 e5 25. h3 e4
26. Nh2 Qa5 27. Ng4 Nxg4 28. Qxg4 f5 29. Qf4 Qxa2 30. Qxf5
Qxb3 31. Qe6+ Kf8 32. Qf5+ Kg8 33. Qe6+ Kf8 34. Qf5+ Kg8
1/2-1/2

[Event "European Team Championship"]
[Site "Reykjavik ISL"]
[Date "2015.11.22"]
[EventDate "2015.11.13"]
[Round "9.18"]
[Result "1/2-1/2"]
[White "Perparim Makoli"]
[Black "Mads Andersen"]
[WhiteElo "2223"]
[BlackElo "2459"]
[PlyCount "50"]

1. e4 e6 2. d4 d5 3. Nd2 c5 4. exd5 Qxd5 5. Ngf3 cxd4 6. Bc4
Qd6 7. O-O Nf6 8. Nb3 Nc6 9. Nbxd4 Nxd4 10. Nxd4 a6 11. c3 Qc7
12. Qe2 Bd6 13. h3 O-O 14. Bg5 Ne4 15. Be3 b6 16. Bd3 Bb7
17. Qc2 Nf6 18. Bg5 Kh8 19. Bxf6 gxf6 20. Bxh7 f5 21. Qe2 Kxh7
22. Qh5+ Kg7 23. Qg5+ Kh7 24. Qh5+ Kg7 25. Qg5+ Kh7 1/2-1/2

[Event "European Team Championship"]
[Site "Reykjavik ISL"]
[Date "2015.11.22"]
[EventDate "2015.11.13"]
[Round "9.6"]
[Result "1-0"]
[White "Robert Kempinski"]
[Black "Johan Salomon"]
[WhiteElo "2614"]
[BlackElo "2459"]
[PlyCount "81"]

1. d4 d5 2. Nf3 Nf6 3. c4 c6 4. e3 Bf5 5. Nc3 e6 6. Nh4 Be4
7. f3 Bg6 8. g3 Bd6 9. Bd2 Nbd7 10. Qb3 Rb8 11. cxd5 exd5
12. Bg2 Nb6 13. e4 Be7 14. Bf4 Ra8 15. Rd1 O-O 16. O-O Nh5
17. Nxg6 hxg6 18. Be3 Nf6 19. e5 Ne8 20. Bf2 Qd7 21. h4 Nc7
22. Kh2 f5 23. exf6 gxf6 24. Bh3 f5 25. Ne4 Rab8 26. Nc5 Qd6
27. Kg2 Nd7 28. Rfe1 Nxc5 29. dxc5 Qf6 30. Re2 Qf7 31. Rde1
Bf6 32. h5 gxh5 33. Bxf5 Kg7 34. g4 hxg4 35. fxg4 Rh8 36. Qg3
Rbe8 37. g5 Bxb2 38. Rxb2 Qxf5 39. Qxc7+ Kg6 40. Qd6+ Kf7
41. Rxb7+ 1-0

[Event "European Team Championship"]
[Site "Reykjavik ISL"]
[Date "2015.11.22"]
[EventDate "2015.11.13"]
[Round "9.7"]
[Result "0-1"]
[White "Emanuel Berg"]
[Black "Hjorvar Steinn Gretarsson"]
[WhiteElo "2575"]
[BlackElo "2561"]
[PlyCount "94"]

1. e4 e5 2. Nf3 Nc6 3. d4 exd4 4. Nxd4 Nf6 5. Nxc6 bxc6 6. Qe2
Qe7 7. Nc3 d5 8. exd5 Nxd5 9. Bd2 Qxe2+ 10. Bxe2 Be6 11. O-O-O
Be7 12. Rhe1 O-O 13. Bf3 Rfd8 14. Ne4 h6 15. Ba5 Rab8 16. c4
Nb4 17. Bxc7 Rxd1+ 18. Rxd1 Rb7 19. Bd6 Bxc4 20. Bxb4 Bxb4
21. a3 Be7 22. Nd6 Bxd6 23. Rxd6 Bb5 24. Rd8+ Kh7 25. Be4+ g6
26. Rc8 Re7 27. Bxc6 Ba6 28. Ra8 Rc7 29. Kd2 Rxc6 30. Rxa7 Kg7
31. b4 Bf1 32. g3 Re6 33. a4 Re2+ 34. Kc3 Rxf2 35. b5 Rxh2
36. b6 Bg2 37. a5 Rh1 38. a6 Rb1 39. b7 h5 40. Kd4 g5 41. Ke3
h4 42. gxh4 gxh4 43. Kf2 Rb2+ 44. Kg1 h3 45. Kh2 Bxb7+
46. Kxh3 Bc8+ 47. Kh4 Ra2 0-1

[Event "European Team Championship"]
[Site "Reykjavik ISL"]
[Date "2015.11.22"]
[EventDate "2015.11.13"]
[Round "9.7"]
[Result "1-0"]
[White "Henrik Danielsen"]
[Black "Tiger Hillarp Persson"]
[WhiteElo "2500"]
[BlackElo "2539"]
[PlyCount "85"]

1. c4 g6 2. g3 Bg7 3. Bg2 Nf6 4. Nf3 O-O 5. O-O d6 6. Nc3 c5
7. d4 Nc6 8. dxc5 dxc5 9. Bf4 Nh5 10. Be3 b6 11. Qc1 Bb7
12. Rd1 Qc8 13. Bg5 Re8 14. Nd5 e6 15. Nc3 Nd4 16. Nxd4 Bxg2
17. Ndb5 Bh3 18. f3 Qb8 19. Ne4 Be5 20. Nbd6 f5 21. Nxe8 fxe4
22. Rd8 Qxd8 23. Bxd8 exf3 24. Bc7 Bd4+ 25. e3 Bh8 26. Nd6 Be5
27. Ne4 Bxc7 28. Nf2 Bg2 29. Qc3 Rd8 30. Rd1 Rxd1+ 31. Nxd1
Kf7 32. Qh8 Nf6 33. Qa8 Ke7 34. Qxa7 Kd8 35. Nf2 h5 36. Qa8+
Kd7 37. Qf8 Bd8 38. Qg7+ Be7 39. Qxg6 h4 40. gxh4 b5 41. h5
bxc4 42. h6 c3 43. bxc3 1-0

[Event "European Team Championship"]
[Site "Reykjavik ISL"]
[Date "2015.11.22"]
[EventDate "2015.11.13"]
[Round "9.8"]
[Result "1/2-1/2"]
[White "Andrew J Muir"]
[Black "Jon Loftur Arnason"]
[WhiteElo "2313"]
[BlackElo "2500"]
[PlyCount "83"]

1. d4 Nf6 2. c4 e6 3. Nc3 Bb4 4. e3 O-O 5. Bd3 d5 6. Nf3 b6
7. O-O Bb7 8. cxd5 exd5 9. a3 Bd6 10. b4 Re8 11. b5 a6 12. a4
axb5 13. Nxb5 Bf8 14. Ba3 Bxa3 15. Rxa3 Nc6 16. Qc2 Re7
17. Rb1 Na5 18. Rc3 c6 19. Na3 Ba6 20. Nd2 Bxd3 21. Qxd3 Re6
22. Nc2 Rc8 23. Na3 h5 24. h3 g6 25. Rbc1 Ra8 26. Qc2 Kg7
27. Qd3 Qe7 28. Rb1 c5 29. dxc5 bxc5 30. Nb5 Nc6 31. Ra3 Nb4
32. Qc3 Kh7 33. Rc1 Rc6 34. Rb1 Rca6 35. Rba1 c4 36. a5 Nd3
37. Rb1 Qd8 38. e4 Rxa5 39. Rxa5 Rxa5 40. exd5 Nxd5 41. Qxc4
Ne5 42. Qd4 1/2-1/2

[Event "European Team Championship"]
[Site "Reykjavik ISL"]
[Date "2015.11.22"]
[EventDate "2015.11.13"]
[Round "9.9"]
[Result "1-0"]
[White "Ivan Salgado Lopez"]
[Black "Toms Kantans"]
[WhiteElo "2615"]
[BlackElo "2514"]
[PlyCount "79"]

1. e4 c5 2. Nf3 Nf6 3. e5 Nd5 4. Nc3 e6 5. Nxd5 exd5 6. d4 Nc6
7. c3 d6 8. Bb5 Be7 9. exd6 Bxd6 10. dxc5 Bxc5 11. Qe2+ Be6
12. Be3 Bxe3 13. Qxe3 O-O 14. O-O Bg4 15. Rad1 Re8 16. Qf4 Re4
17. Qg3 h5 18. Rd2 g5 19. h4 Bxf3 20. Qxf3 Ne5 21. Qf5 gxh4
22. Rfd1 Qc8 23. Qg5+ Ng6 24. Rxd5 Qe6 25. Rd6 Rg4 26. Qh6 Qe7
27. Be2 Qxe2 28. Rd8+ Qe8 29. Rxe8+ Rxe8 30. Kf1 Ra4 31. Qxh5
Rxa2 32. Qb5 Re7 33. Re1 Rc7 34. f4 Ra6 35. f5 Rf6 36. Kg1 Nf8
37. Re8 Kg7 38. Qb4 Nh7 39. Qg4+ Kh6 40. Qf4+ 1-0

[Event "European Team Championship"]
[Site "Reykjavik ISL"]
[Date "2015.11.22"]
[EventDate "2015.11.13"]
[Round "9.11"]
[Result "1-0"]
[White "Alexander Ipatov"]
[Black "Tomas Laurusas"]
[WhiteElo "2624"]
[BlackElo "2435"]
[PlyCount "89"]

1. d4 d5 2. c4 c6 3. Nf3 Nf6 4. Nc3 dxc4 5. a4 Bf5 6. e3 e6
7. Bxc4 Bb4 8. O-O Nbd7 9. Nh4 O-O 10. h3 Be4 11. Nxe4 Nxe4
12. Nf3 Qa5 13. Qc2 Nef6 14. b3 Bc3 15. Bb2 Bxb2 16. Qxb2 c5
17. Rfd1 Nb6 18. Bb5 a6 19. Be2 Nbd5 20. Rac1 Rac8 21. dxc5
Rxc5 22. Rxc5 Qxc5 23. Rc1 Qb6 24. Ne5 h6 25. Bf3 Rd8 26. Kh1
Nb4 27. Qc3 Nfd5 28. Qc4 Qd6 29. Qd4 Qe7 30. a5 f6 31. Ng6 Qe8
32. Bh5 Nc6 33. Qc5 Ne5 34. Nf4 g6 35. Be2 Nxf4 36. exf4 Nd3
37. Bxd3 Rxd3 38. Qc8 Qxc8 39. Rxc8+ Kf7 40. Rc7+ Ke8 41. Rxb7
g5 42. fxg5 hxg5 43. b4 Rd6 44. g3 Kd8 45. Rb6 1-0

[Event "European Team Championship"]
[Site "Reykjavik ISL"]
[Date "2015.11.22"]
[EventDate "2015.11.13"]
[Round "9.11"]
[Result "0-1"]
[White "Mindaugas Beinoras"]
[Black "Mustafa Yilmaz"]
[WhiteElo "2340"]
[BlackElo "2594"]
[PlyCount "82"]

1. d4 d5 2. c4 c6 3. Nf3 Nf6 4. Nc3 a6 5. e3 e6 6. b3 Bb4
7. Bd2 Nbd7 8. Qc2 Qe7 9. Be2 e5 10. cxd5 cxd5 11. dxe5 Nxe5
12. Nd4 Bd7 13. Rc1 Rc8 14. Qb1 Ba3 15. Rd1 O-O 16. O-O b5
17. Bd3 Nxd3 18. Qxd3 Bg4 19. f3 Bh5 20. Bc1 Bc5 21. Bb2 Bg6
22. Qd2 Bb4 23. Rc1 Rc7 24. a3 Bd6 25. a4 bxa4 26. Nxa4 Re8
27. Rfe1 Rxc1 28. Qxc1 Bf4 29. Kf2 Bxh2 30. g3 Nh5 31. Ne2 Qg5
32. g4 Nf6 33. Rh1 Qh4+ 34. Kf1 Qh3+ 35. Kf2 Qh4+ 36. Kf1 Qh3+
37. Kf2 Be4 38. fxe4 Nxe4+ 39. Ke1 Bg3+ 40. Nxg3 Qxg3+ 41. Ke2
Qg2+ 0-1

[Event "European Team Championship"]
[Site "Reykjavik ISL"]
[Date "2015.11.22"]
[EventDate "2015.11.13"]
[Round "9.12"]
[Result "1/2-1/2"]
[White "Viktor Laznicka"]
[Black "Milos Perunovic"]
[WhiteElo "2665"]
[BlackElo "2624"]
[PlyCount "57"]

1. Nf3 c5 2. c4 Nf6 3. Nc3 e6 4. g3 b6 5. Bg2 Bb7 6. O-O a6
7. b3 Be7 8. d4 cxd4 9. Nxd4 Bxg2 10. Kxg2 Qc7 11. Bb2 Qb7+
12. f3 O-O 13. e4 d6 14. Qe2 Nbd7 15. Rfd1 Rfd8 16. a4 Bf8
17. Rab1 Rac8 18. Ba1 Re8 19. Re1 Ne5 20. Rbd1 Ng6 21. Nc2 h5
22. h4 Ne5 23. Ne3 Qc7 24. Bb2 Qc5 25. Bc1 Qb4 26. Qb2 Qc5
27. Qe2 Qb4 28. Qb2 Qc5 29. Qe2 1/2-1/2

[Event "European Team Championship"]
[Site "Reykjavik ISL"]
[Date "2015.11.22"]
[EventDate "2015.11.13"]
[Round "9.12"]
[Result "1/2-1/2"]
[White "Robert Markus"]
[Black "Zbynek Hracek"]
[WhiteElo "2632"]
[BlackElo "2609"]
[PlyCount "81"]

1. d4 Nf6 2. c4 e6 3. Nf3 b6 4. g3 Ba6 5. b3 d5 6. Bg2 Bb4+
7. Bd2 Be7 8. cxd5 exd5 9. O-O O-O 10. Nc3 Re8 11. Ne5 Bb7
12. Rc1 Nbd7 13. Rc2 a6 14. Bc1 Bd6 15. Bg5 Nxe5 16. dxe5 Rxe5
17. Bxf6 Qxf6 18. Nxd5 Bxd5 19. Bxd5 Rae8 20. e4 R5e7 21. Rc6
g6 22. Kg2 Qb2 23. a4 Bc5 24. Qf3 Kg7 25. h4 h5 26. Qd3 a5
27. Kh3 Rd8 28. f4 Rd6 29. Rxd6 cxd6 30. Rd1 Rc7 31. Bc4 Re7
32. Rd2 Qa1 33. Rd1 Qb2 34. Rb1 Qf2 35. Rf1 Qe3 36. Qxe3 Bxe3
37. Kg2 Rxe4 38. Kf3 d5 39. Bxd5 Re7 40. Re1 Bc5 41. Rxe7
1/2-1/2

[Event "European Team Championship"]
[Site "Reykjavik ISL"]
[Date "2015.11.22"]
[EventDate "2015.11.13"]
[Round "9.12"]
[Result "1-0"]
[White "Vlastimil Babula"]
[Black "Nikola Sedlak"]
[WhiteElo "2559"]
[BlackElo "2557"]
[PlyCount "69"]

1. d4 Nf6 2. c4 g6 3. Nc3 d5 4. Nf3 Bg7 5. Bf4 O-O 6. Rc1 Be6
7. e3 dxc4 8. Ng5 Bd5 9. e4 h6 10. exd5 hxg5 11. Bxg5 Nxd5
12. Bxc4 Nb6 13. Bb3 Nc6 14. Ne2 Na5 15. h4 Qd7 16. h5 Nxb3
17. Qxb3 Qg4 18. Bf4 Qxg2 19. Rg1 Qe4 20. hxg6 Nd5 21. gxf7+
Kxf7 22. Rxc7 Rac8 23. Rxb7 Rc2 24. Be3 Rfc8 25. Rd7 R8c4
26. Rxd5 Qxd5 27. Nc3 R2xc3 28. bxc3 e6 29. Qb8 Qd7 30. Qg3
Bf6 31. Qg6+ Ke7 32. Bg5 Bxg5 33. Qxg5+ Kd6 34. Qe5+ Kc6
35. Rg6 1-0

[Event "European Team Championship"]
[Site "Reykjavik ISL"]
[Date "2015.11.22"]
[EventDate "2015.11.13"]
[Round "9.13"]
[Result "1/2-1/2"]
[White "Luka Lenic"]
[Black "Sebastian Bogner"]
[WhiteElo "2625"]
[BlackElo "2549"]
[PlyCount "80"]

1. Nf3 d5 2. g3 c6 3. Bg2 Nf6 4. O-O Bg4 5. d3 Nbd7 6. h3 Bh5
7. Qe1 e5 8. e4 dxe4 9. dxe4 Bc5 10. a4 a5 11. Na3 O-O 12. Nc4
Qc7 13. Bd2 b6 14. Nh4 Rfe8 15. Kh1 Nf8 16. Bc3 N6d7 17. Bf3
Bxf3+ 18. Nxf3 f6 19. Qe2 Ne6 20. Rfd1 Rad8 21. Ncd2 Bd4
22. Bxd4 exd4 23. Nb3 Ndc5 24. Nxc5 Nxc5 25. Qc4+ Qf7 26. Rxd4
Qxc4 27. Rxc4 Rxe4 28. Rxe4 Nxe4 29. Kg2 Kf7 30. h4 Rd5
31. Re1 Nc5 32. Ra1 h5 33. Kf1 Ne6 34. Ke2 Nd4+ 35. Nxd4 Rxd4
36. c3 Rd5 37. Ke3 Ke6 38. b4 Re5+ 39. Kd3 Kf5 40. f3 Ke6
1/2-1/2

[Event "European Team Championship"]
[Site "Reykjavik ISL"]
[Date "2015.11.22"]
[EventDate "2015.11.13"]
[Round "9.13"]
[Result "1-0"]
[White "Jure Skoberne"]
[Black "Joseph G Gallagher"]
[WhiteElo "2544"]
[BlackElo "2444"]
[PlyCount "85"]

1. d4 f5 2. g3 Nf6 3. Bg2 e6 4. Nf3 Be7 5. O-O O-O 6. c4 d6
7. Nc3 Ne4 8. Qc2 Nxc3 9. bxc3 Nc6 10. d5 Na5 11. dxe6 Bxe6
12. Nd4 Bxc4 13. Nxf5 Bf6 14. Rd1 Qd7 15. Ne3 Be6 16. Nd5 c6
17. Nxf6+ Rxf6 18. Bf4 Nc4 19. e4 Raf8 20. e5 Rxf4 21. gxf4 d5
22. Rd4 Nb6 23. Qe2 c5 24. Rd3 Rxf4 25. Qe3 Rc4 26. f4 g6
27. Rf1 Kg7 28. Bh3 Re4 29. Qxe4 Bxh3 30. e6 Qxe6 31. Qxe6
Bxe6 32. Re3 Kf6 33. Rfe1 Bf7 34. Re7 Na4 35. Rxb7 Nxc3
36. Rxa7 d4 37. Ra6+ Kf5 38. Re5+ Kg4 39. Rxc5 Nxa2 40. Kg2
Nc3 41. h3+ Kh4 42. Ra7 Bg8 43. Rg7 1-0

[Event "European Team Championship"]
[Site "Reykjavik ISL"]
[Date "2015.11.22"]
[EventDate "2015.11.13"]
[Round "9.14"]
[Result "1/2-1/2"]
[White "Dragan Kosic"]
[Black "Dimitrios Mastrovasilis"]
[WhiteElo "2470"]
[BlackElo "2615"]
[PlyCount "64"]

1. d4 d5 2. Nf3 Nf6 3. c4 c6 4. cxd5 cxd5 5. Nc3 Nc6 6. Bf4 a6
7. e3 Bg4 8. h3 Bxf3 9. Qxf3 e6 10. Bd3 Bd6 11. Bg5 Be7
12. O-O O-O 13. Rac1 h6 14. Bh4 Rc8 15. Na4 Nd7 16. Bg3 b5
17. Nc3 Nb6 18. Qe2 Bd6 19. Bxd6 Qxd6 20. a4 b4 21. Nb1 a5
22. Bb5 Na7 23. Nd2 Rxc1 24. Rxc1 Rc8 25. Rxc8+ Nbxc8 26. Nb3
Qc7 27. Nc5 Nd6 28. Ba6 Nc6 29. Bb5 Nd8 30. Ba6 Nc6 31. Bb5
Nd8 32. Ba6 Nc6 1/2-1/2

[Event "European Team Championship"]
[Site "Reykjavik ISL"]
[Date "2015.11.22"]
[EventDate "2015.11.13"]
[Round "9.14"]
[Result "1-0"]
[White "Athanasios Mastrovasilis"]
[Black "Luka Draskovic"]
[WhiteElo "2544"]
[BlackElo "2454"]
[PlyCount "59"]

1. c4 e5 2. Nc3 Bb4 3. Nd5 Bc5 4. Nf3 c6 5. Nc3 d6 6. e3 Qe7
7. d4 exd4 8. Nxd4 Nf6 9. Be2 O-O 10. O-O Rd8 11. Na4 a6
12. Bf3 g6 13. Bd2 Nbd7 14. Bxc6 Bxd4 15. Bxd7 Bxb2 16. Nxb2
Bxd7 17. Bc3 Ne4 18. Bd4 f5 19. f3 Nc5 20. Qd2 Be6 21. Bc3 h6
22. e4 Kh7 23. exf5 Bxf5 24. Rae1 Qf7 25. Re3 Rd7 26. Rfe1 b5
27. Qd4 g5 28. h4 gxh4 29. Qxh4 Be6 30. Rxe6 1-0

[Event "European Team Championship"]
[Site "Reykjavik ISL"]
[Date "2015.11.22"]
[EventDate "2015.11.13"]
[Round "9.15"]
[Result "1/2-1/2"]
[White "Mher Hovhanisian"]
[Black "Tomi Nyback"]
[WhiteElo "2495"]
[BlackElo "2594"]
[PlyCount "80"]

1. e4 e5 2. Nf3 Nc6 3. Nc3 Nf6 4. Bb5 Bd6 5. a3 Nd4 6. Bc4 c6
7. d3 Bc7 8. Nxd4 exd4 9. Ne2 O-O 10. Bg5 d5 11. exd5 cxd5
12. Bb3 Re8 13. Kf1 h6 14. Bh4 Bb6 15. f3 Qd6 16. Bg3 Qe7
17. Qd2 Nh5 18. Bf2 Qe5 19. Re1 Bd7 20. Ng3 Qf4 21. Qxf4 Nxf4
22. Ne2 Nxe2 23. Rxe2 Rxe2 24. Kxe2 Re8+ 25. Kd1 Bc6 26. h4 h5
27. Re1 Rxe1+ 28. Kxe1 Kf8 29. c3 Bd8 30. cxd4 f5 31. g3 Bc7
32. Ke2 Kf7 33. Ke3 Kf6 34. f4 g6 35. Be1 Ke6 36. Bb4 a5
37. Bc3 b5 38. Ba2 Kd7 39. Bb1 Ke6 40. Ba2 Kd7 1/2-1/2

[Event "European Team Championship"]
[Site "Reykjavik ISL"]
[Date "2015.11.22"]
[EventDate "2015.11.13"]
[Round "9.16"]
[Result "1-0"]
[White "Markus Ragger"]
[Black "John Rodgaard"]
[WhiteElo "2688"]
[BlackElo "2350"]
[PlyCount "102"]

1. c4 e6 2. g3 d5 3. Bg2 Nf6 4. Nf3 dxc4 5. O-O Nc6 6. Qa4 Bd7
7. Qxc4 Rc8 8. d4 Na5 9. Qd3 c5 10. Ne5 Nc6 11. Nd2 cxd4
12. Ndf3 Bc5 13. Rd1 a6 14. Bf4 O-O 15. Rac1 Ba7 16. Nc4 Nd5
17. Ng5 g6 18. Bxd5 exd5 19. Nd6 Ne5 20. Qb3 Rxc1 21. Rxc1 Bb8
22. Nxb7 Qe7 23. Nc5 Bb5 24. Qxd5 Bxe2 25. Bxe5 Qxg5 26. f4
Qh5 27. Qxd4 Bb5 28. Bxb8 Rxb8 29. Ne4 Qe2 30. Nf6+ Kf8
31. Nxh7+ Kg8 32. Nf6+ Kf8 33. Nd5 Kg8 34. Qe5 Qxe5 35. fxe5
Rd8 36. Rc5 Kg7 37. Kf2 Bc4 38. Rxc4 Rxd5 39. Re4 Kf8 40. e6
f5 41. e7+ Ke8 42. Re6 g5 43. h4 gxh4 44. gxh4 Rd3 45. h5 Rh3
46. h6 Rh2+ 47. Kg3 Rh5 48. b4 Rg5+ 49. Kf4 Rg4+ 50. Kxf5 Rxb4
51. h7 Rh4 1-0

[Event "European Team Championship"]
[Site "Reykjavik ISL"]
[Date "2015.11.22"]
[EventDate "2015.11.13"]
[Round "9.16"]
[Result "1/2-1/2"]
[White "Hogni Egilstoft Nielsen"]
[Black "Davit Shengelia"]
[WhiteElo "2300"]
[BlackElo "2579"]
[PlyCount "114"]

1. e4 g6 2. d4 Bg7 3. Nc3 a6 4. Nf3 b5 5. a3 Bb7 6. Bd3 d6
7. Ne2 c5 8. c3 Nf6 9. Ng3 Nbd7 10. a4 O-O 11. O-O Nb6
12. axb5 c4 13. Bc2 axb5 14. Bg5 d5 15. Rxa8 Bxa8 16. Re1 Nxe4
17. Nxe4 dxe4 18. Bxe4 Bxe4 19. Rxe4 Nd5 20. Bd2 Qa8 21. Re2
Qa2 22. g3 Qxb2 23. Be1 Qa3 24. Rc2 Ra8 25. Ng5 e6 26. Ne4 Bh6
27. Bd2 Bf8 28. Rc1 b4 29. cxb4 Qd3 30. Qc2 Ra1 31. Qxd3 Rxc1+
32. Bxc1 cxd3 33. b5 Bb4 34. Bd2 f5 35. Bxb4 fxe4 36. Ba5 Kf7
37. Kf1 e3 38. fxe3 Nxe3+ 39. Kf2 Nc4 40. Bb4 Ke8 41. Kf3 Kd7
42. h3 h5 43. Kf2 g5 44. Kf3 g4+ 45. hxg4 hxg4+ 46. Kxg4 d2
47. Bxd2 Nxd2 48. Kf4 Nc4 49. g4 Ke7 50. g5 Kf7 51. Ke4 Nd6+
52. Ke5 Ke7 53. d5 Nf7+ 54. Kd4 e5+ 55. Ke4 Nxg5+ 56. Kxe5
Nf7+ 57. Kd4 Kd6 1/2-1/2

[Event "European Team Championship"]
[Site "Reykjavik ISL"]
[Date "2015.11.22"]
[EventDate "2015.11.13"]
[Round "9.16"]
[Result "1/2-1/2"]
[White "John Arni Nilssen"]
[Black "Georg Froewis"]
[WhiteElo "2274"]
[BlackElo "2433"]
[PlyCount "80"]

1. Nf3 d5 2. b3 Bg4 3. e3 Nd7 4. h3 Bh5 5. Bb2 e6 6. d3 f5
7. Nbd2 Ngf6 8. Be2 Bd6 9. Nd4 Bxe2 10. Qxe2 Qe7 11. e4 Be5
12. exf5 Bxd4 13. Bxd4 exf5 14. Qxe7+ Kxe7 15. Nf3 c5
16. Bxf6+ Kxf6 17. Kd2 d4 18. Rab1 a5 19. Rhe1 g5 20. a4 Rhe8
21. Rxe8 Rxe8 22. Re1 Rxe1 23. Kxe1 Ne5 24. Nd2 h5 25. Ke2 Ke6
26. g3 g4 27. h4 Kd5 28. Nc4 Nxc4 29. bxc4+ Ke5 30. Kd2 f4
31. Kc1 f3 32. Kb2 Kd6 33. Kb3 Kc6 34. Ka3 Kd6 35. Kb3 Kc6
36. Ka3 Kd6 37. Kb3 Kc6 38. Ka3 Kd6 39. Kb3 Kc6 40. Ka3 Kd6
1/2-1/2

[Event "European Team Championship"]
[Site "Reykjavik ISL"]
[Date "2015.11.22"]
[EventDate "2015.11.13"]
[Round "9.17"]
[Result "1/2-1/2"]
[White "Mihail Marin"]
[Black "David Howell"]
[WhiteElo "2589"]
[BlackElo "2693"]
[PlyCount "78"]

1. Nf3 Nf6 2. g3 g6 3. b3 Bg7 4. Bb2 O-O 5. c4 d6 6. Bg2 e5
7. d3 Re8 8. O-O a5 9. a3 c6 10. Nbd2 Nbd7 11. b4 d5 12. e4
dxe4 13. dxe4 c5 14. b5 Qc7 15. Ne1 Nf8 16. Nc2 Ne6 17. Ne3
Nd4 18. a4 Qd8 19. Ra3 h5 20. Nd5 Bh6 21. Nb3 Nxd5 22. cxd5 b6
23. Nxd4 exd4 24. f4 f6 25. Re1 Qd6 26. Qc2 Ra7 27. Raa1 Rae7
28. Bc1 Bf5 29. Bd2 Bd7 30. h4 Kh7 31. Qd3 Bg4 32. Rf1 Qd7
33. Kh2 Qc7 34. Rf2 Qd7 35. Raf1 Qd6 36. Bc1 Rg8 37. Bd2 Rge8
38. Re1 Qc7 39. Ref1 Qd6 1/2-1/2

[Event "European Team Championship"]
[Site "Reykjavik ISL"]
[Date "2015.11.22"]
[EventDate "2015.11.13"]
[Round "9.18"]
[Result "1-0"]
[White "Lars Schandorff"]
[Black "Avni Ermeni"]
[WhiteElo "2519"]
[BlackElo "2285"]
[PlyCount "65"]

1. d4 Nf6 2. c4 c5 3. d5 b5 4. cxb5 a6 5. bxa6 g6 6. Nc3 d6
7. e4 Bg7 8. Nf3 O-O 9. Be2 Bxa6 10. O-O Nbd7 11. a4 Qa5
12. Bd2 Bxe2 13. Qxe2 Qa6 14. Nb5 Rfb8 15. Bc3 Nb6 16. b3 Nc8
17. Qc2 Qb7 18. Nd2 Na7 19. Na3 e6 20. Rad1 exd5 21. Bxf6 Bxf6
22. exd5 Bd4 23. Nac4 Nc8 24. Qe4 Nb6 25. Nxd6 Qxd5 26. Nb5 f5
27. Qc2 Rc8 28. Nf3 Qe6 29. Rfe1 Qf6 30. h4 Kh8 31. Ng5 Re8
32. Nxd4 cxd4 33. Qc7 1-0